000 00536nam a2200217Ia 4500
003 OSt
005 20230530145529.0
008 210423s2002 xx 000 0 und d
040 _cAL
041 _aeng
082 _a361.1 KUMS
_223
100 _aKUMAR (A)
_9116754
245 _aSocial problems
260 _aNew Delhi
_bAnmol Publications
_c2002
365 _b1650
_cINR
440 _v2
650 _aSocial Problems
_9116755
650 _aSocial Problems & Services
_9116756
906 _aproblems ; Social
942 _2ddc
_cBK
999 _c173636
_d173636